MDQL
is popping MORE tags! Check the
thread
!
Quizzes
Events
Quiz Creation
Community
Videos
Private Events
Remove Ads
Sign In
Join for FREE
Feedback
Dark Mode
Quiz Categories
Sports
Geography
Music
Movies
Television
Just For Fun
Miscellaneous
History
Literature
Language
Science
Gaming
Entertainment
Religion
Holiday
For Kids
Quiz Lab
Recent
Popular Today
Quiz Kudos Today
Editor Picks
Curator Picks
Quizzes by...
Day
Popularity
Type
Ratings
Length
Year
Community
Subscriptions
Recent Discussions
Orange Saloon
Badges
Playlists
Quests
Create
Leaderboards
Showdown
Live 5
Trivia Bingo
Activity
Puzzle Library
Sporcle Events
Private Events
Virtual Trivia
Globe League
Become a Host
Pub Owners
SporcleCon
Opinionation
Our Games
Videos
Blog
Mobile Apps
Partnerships
Remove Ads and Go Orange
Feedback
Music
Pop Music
The Beatles
Song
Album
Lyrics
Bands
Singers
Artist
Clip
Rock
Rap
Classical
Billboard
Country Music
Kpop
Taylor Swift
Music
Pop Music
The Beatles
Song
Album
Lyrics
Bands
Singers
Artist
Clip
Rock
Rap
Classical
Billboard
Country Music
Kpop
Taylor Swift
Random Quiz
Search Sporcle
×
Quiz Lab
Quiz Lab
Music
Taylor Swift
Type in answers that appear in a list
Type in answers that appear in a list
Classic
Best Score? Go Orange.
Taylor Swift's Mine Lyrics Stats
Can you name the Lyrics to Taylor Swift's Mine?
By
kinglovehp
10m
44 Questions
1,142 Plays
1,142 Plays
1,142 Plays
Comments
Comments
Give Quiz Kudos
Give Quiz Kudos
-
- Ratings
hide this ad
Replay
Link that replays current quiz
Next Quiz
Link to next quiz in quiz playlist
You Got
0%
They Got
Avg Score
79%
Avg Friend Score
Upgrade to see
Score Distribution
Jump to the score distribution portion of the page
Score
0/44
Timer
10:00
0
Plays Today
% Correct
working part time waiting tables
94.8%
and never looked back
92.5%
for the first time
91.3%
for the first time
91.3%
for the first time
91.3%
by the water
91%
by the water
91%
thats ever been mine
90.8%
thats ever been mine
90.8%
thats ever been mine
90.8%
thats ever been mine
90.8%
thats ever been mine
90.8%
if it never lasts
90.7%
careless mans careful daughter
89.9%
careless mans careful daughter
89.9%
careless mans careful daughter
89.9%
careless mans careful daughter
89.9%
careless mans careful daughter
89.9%
with a fear of fallin
86.1%
my things at your place
83.7%
we're taking on the world together
83.5%
can you believe it
82.2%
% Correct
on the couch
81.7%
for the goodbye
81%
nothing figured out
80.4%
got bills to pay
79.9%
my parents mistakes
79.2%
ive ever known
77.2%
thought about
76.6%
right out of our hands
73.7%
yes yes i can see it now
73.1%
two thirty am
72.8%
ill never leave you alone
72.8%
hard to take
72.1%
you followed me out into the street
71.7%
me by surprise
71.7%
its like the first time
71.5%
why im guarded
70.7%
now
65.7%
see it
63.7%
city lights on the water
58.9%
make it now
54%
believe it
52.3%
how it felt sitting by the water
27.8%
Quiz Playlist
Details
Report
Send in Message
Add To Playlist
Classic:
Type in answers that appear in a list
Quiz Source
Last Updated: Feb 16, 2017
Quiz Scoreboard
CHALLENGE
Sign Up to Join the Scoreboard
Show All
Scores
Hide
Comments
May contain spoilers
Recently Published
1-10 Letter E Words III
by El_Dandy
Language
2m
Street Fighter Characters
by Artimus82
Gaming
60s
College Basketball Coaching Resumes
by pancakes188
Sports
9m
More to Explore
Quiz From the Vault
Featured Blog Post
Where Did the Easter Bunny Come From?
hide this ad
You Might Also Like...
Tags
Taylor Swift Quiz
Today's Top Quizzes in Music
Browse Music
hide this ad
Today's Top Quizzes in Taylor Swift
Browse Taylor Swift
Top Contributed Quizzes in Music
1
Taylor Swift All Songs (2024)
2
Taylor Swift Logic Puzzle
3
Guess the Artist- 70s Songs
4
7-to-1: Billboard Hot 100 #1 Hits of 2010s
5
Sorting Albums and Songs
6
Billboard Blitz: Aretha Franklin
7
KPOP LOGIC QUIZ
8
Guess the Taylor Swift song (Mystery Song)
9
Guess The Taylor Swift Lyrics Song #1
10
Billboard Blitz: ABBA
Explore More
Trending Topics
Harry Potter
Disney
NBA
Anime
Kpop
Crossword
Marvel
Song
The Office
Pokémon
Country
Puzzle
WWE
Soccer
NFL
hide this ad
More By:
kinglovehp
Quiz
Plays
Rating
Category
Featured
Created
Taylor Swift's Mine Lyrics
1,142
2.50
Music
Sep 25, 2010
Potter Family
305
3.67
Literature
Oct 10, 2010
Custom Robo Arena
16
Gaming
Dec 23, 2010
Go to Creator's Profile
Score Distribution
Quiz Creator Spotlight
kinglovehp
Follow
Send a Message
Quizzes Created
-
Created Quiz Play Count
-
More By This Creator
Popular Quizzes Today
1
Find the US States - No Outlines Minefield
2
Find the Countries of Europe - No Outlines Minefield
3
The Countries of the World
4
Find the US States
5
Risky Map Clicking: Biggest States A-Z
6
US States
7
Popular People in 1961
8
Movies - When Are They Set?
More Music Quizzes
300 kpop idols (boy group)
Quiz Lab
Trending Quizzes
Risky Map Clicking: Least Populous States A-Z
Billboard Blitz: Aretha Franklin
Famous Russians: Author or Composer?
Countries of the World: 200 Million BC
1-10 Letter G Words
Recently Updated
Leaping Animals
pecheneg
Reality TV Shows (A-Z)
bhenderson79
Rickey Henderson's Hall of Fame Teammates
pecheneg
Champions League XIs: Arsenal
pecheneg
Quick Pick: Celebrities in WWE's Hall of Fame
aduchscher
A-Z Keypad Blitz II
pecheneg
Multiple Oscar Actors
pecheneg
Mystery Phrase Blitz: Oscar 'Best Actors'
pecheneg
F. Scott Fitzgerald Novels
LTH
Pick 3 Villains
ddd62291
Trending Topics
NBA
Kpop
Disney
Marvel
Anime
Crossword
Harry Potter
WWE
Pokémon
Country
Puzzle
Song
Soccer
The Office
NFL
Your Account Isn't Verified!
In order to create a playlist on Sporcle, you need to verify the email address you used during registration. Go to your
Sporcle Settings
to finish the process.
Report this User
Report this user for behavior that violates our
Community Guidelines
.
Details:
Send Report
Go to the Sporcle.com Mobile Site →
Comments